000 00609nam a2200181 i 4500
001 128432
003 ES-MaACL
005 20230906193259.0
007 t|
008 070510s1963 sp ||||1| spa d
080 _a929 Martín Vicente, Isabel
100 1 _aTaboada del Rio, María Teresa.
_9109029
245 1 0 _aCuando se rompe un silencio
_b: viñetas biográficas de la madre Isabel Martín Vicente /
_cMaría Teresa Taboada del Río.
260 _aValladolid :
_bLestonnac,
_c1963.
300 _a262 p. :
_bil. ;
_c17 cm.
600 1 4 _aMartín Vicente, Isabel.
_977671
852 _aES-MaACL
_jC-24698
999 _c128432
_d128432